000 01344nab a22002657a 4500
999 _c5974
_d5974
003 OSt
005 20260114154935.0
008 190605e xxu||||| |||| 00| 0 spa d
040 _cPJ
100 _aFormaro, Juan
_93369
245 1 3 _aLos intereses y el reclamo de los daños derivados del incumplimiento de las deudas laborales /
_cJuan J. Formaro.
260 _aCiudad Autónoma de Buenos Aires :
_bThomson Reuters La Ley,
_c2022.
300 _ap. 31-35
500 _aCita: TR LALEY AR/DOC/2322/2022.
505 _aSumario: I. Introducción.— II. La cuestión durante la vigencia del Código Civil.— III. El tema bajo el Código Civil y Comercial.— IV. Las acreencias de origen laboral y los daños derivados del incumplimiento.— V. La independencia de las sanciones tarifadas por falta de pago.— VI. Conclusión.
505 _t¿Te interesa el texto completo? Solicitalo al correo: koha@justierradelfuego.gov.ar
650 0 _91316
_aDERECHO LABORAL
650 0 _91323
_aCONTRATO DE TRABAJO
650 0 _91383
_aLEY DE CONTRATO DE TRABAJO
650 0 _91533
_aDESPIDO
650 0 _91534
_aINDEMNIZACION POR DESPIDO
650 0 _92095
_aSENTENCIA
773 0 _02711
_93168
_dCiudad Autónoma de Buenos Aires : Thomson Reuters La Ley, 1999-2002.
_tRevista de derecho del trabajo. Nº 5 - Septiembre 2022
942 _2udc
_cANA